000 01116nam a22003377a 4500
003 CHAP
005 20220329135038.0
008 971013s1953 r 00010 d
010 _a30049
011 _a31021
035 _a35133
040 _cCHAP
082 _a301.32
_bN32f
100 0 0 _aNaciones Unidas. Departamento de Asuntos Económicos y Sociales.
_980015
245 _aFactores determinantes y consecuencias de las tendencias demográficas...
260 _aNew York :
_bNaciones Unidas,
_c1953
300 _a392 p.
_b: ilus.
490 _aEstudios sobre población
_v; 17
504 _aBibliografía : 335-382
590 _aBATCH-UPD
_b10
_c20130110
_lUCH01
_h1600
590 _aBATCH-UPD
_b10
_c20130410
_lUCH01
_h0957
590 _aBATCH-UPD
_b10
_c20130914
_lUCH01
_h1026
590 _aCONVERSION
_b10
_c20130109
_lUCH01
_h1317
650 1 4 _aCondiciones sociales.
_926332
650 1 4 _aDemografía.
_931742
650 1 4 _aPoblación.
_989360
830 0 _aEstudios sobre población
_v; 17
_938557
901 _aBK
942 _cLIBRO
949 _a301.32 N32f
_bBC
_cLIBRO
_d33724000290961
_eLIBRO
_i35133
_si
999 _c30049
_d30049